000
00286nam a22001337a 4500
008
170322b xxu||||| |||| 00| 0 eng d
020
_a
0721641687
041
_a
eng
080
_a
616.9
100
_a
8
101
_a
SHM
245
_a
INFECTION DISEASES
_c
GORBACH.SH.L
942
_2
udc
_c
BK
999
_c
8411
_d
8411